Romans: (Record no. 16664)

000 -LEADER
fixed length control field 00511nam a2200169 a 4500
001 - CONTROL NUMBER
control field :::00019841$&:&@@
003 - CONTROL NUMBER IDENTIFIER
control field OkBaRHE
005 - DATE AND TIME OF LATEST TRANSACTION
control field 20011106131941.0
008 - FIXED-LENGTH DATA ELEMENTS--GENERAL INFORMATION
fixed length control field s1969 j 000 0 eng u
040 ## - CATALOGING SOURCE
Transcribing agency
100 1# - MAIN ENTRY--PERSONAL NAME
Personal name Wilson, Geoffrey B.
245 10 - TITLE STATEMENT
Title Romans:
Remainder of title a digest of Reformed comment.
260 ## - PUBLICATION, DISTRIBUTION, ETC. (IMPRINT)
Place of publication, distribution, etc London, England
Name of publisher, distributor, etc Banner of Truth Trust
Date of publication, distribution, etc 1969
300 ## - PHYSICAL DESCRIPTION
Extent 255 p.
942 ## - ADDED ENTRY ELEMENTS (KOHA)
Source of classification or shelving scheme
Koha item type Books
Copies
Source of classification or shelving scheme Price effective from Not for loan Date last seen Barcode Copy number Shelving location Full call number Permanent Location Koha item type Date acquired Lost status Withdrawn status Damaged status
 2010-04-14 2018-03-28198411General StacksBS 2665.3 .W5RHEMA Bible Training CollegeBooks2010-04-14